1548 1866 1194 1615 1982 1822 1910 1567 1451 1071 1895 1315 1377 1153 1126 1666 1564 1464 1698 1735 1941 1462 1533 1104 1700 1005 1070 1484 1070 1818 1135 1871 1015 1457 1413 1393 1748 1205 1885 1265 1485 1179 1591 1002 1300 1858 1303 1134 1062 1032 1782 1830 1281 1811 1344 1750 1345 1385 1592 1597 1206 1327 1182 1829 1052 1720 1287 1363 1584 1734 1248 1757 1412 1530 1529 1896 1582 1245 1685 1009 1936 1571 1279 1792 1107 1791 1009 1951 1690 1426 1609 1954 1544 1956 1273 1966 1695 1431 1470 BCNSPRNW ULIB Ver.6.0+V

เปลี่ยนเป็นภาษาไทย

Change to English
 แสดงรายละเอียดบรรณานุกรม
  กลับหน้าหลัก

Brief Record : Get Marc (ISO 2709) : E-mail record : QR code < ปิดหน้าต่าง
LEADER : 00000nam 2200000uu 4500
001    13399113843
003     ULIB
008    120110s||||||||th 000 0 tha d
099    วจ.HF5549.5.M3^bว736ก
100 0  วิไลศักดิ์ บัวแย้ม
245 00 การสำรวจความต้องการของหน่วยงานในการพัฒนาพนักงานขับรถยนต์/^cวิไลศักดิ์ บัวแย้ม ,จงดี ขจรไชยกูล,ลือวุฒิ บานเย็น,โสภา พุทราและชนม์สวัสดิ์ ขาวสะอาด
260    พิษณุโลก :^bวิทยาลัยการสาธารณสุขสิรินธร จังหวัดพิษณุโลก,^c2554
300    106 หน้า :^bตาราง
500    รายงานการวิจัย
650  7 การพัฒนาบุคลากร^xวิจัย
650  7 พนักงานขับรถยนต์^xวิจัย
700 02 จงดี ขจรไชยกูล
700 02 ลือวุฒิ บานเย็น
700 02 โสภา พุทรา
700 02 ชนม์สวัสดิ์ ขาวสะอาด
710 1  วิทยาลัยการสาธารณสุขสิรินธร จังหวัดพิษณุโลก
945    ^p0^l0^i030913
995    ทศพร
999 ^a ทศพร
รายการนี้ยังไม่มีแท็ก
คุณยังไม่ได้ล็อกอิน คุณสามารถมีกิจกรรมร่วมกับเว็บไซต์ได้ แต่ต้องล็อกอินก่อน ::
  ล็อกอิน

รายการสื่อสารสนเทศ

ลำดับที่ ประเภท เลขเรียก/บาร์โค้ด สถานที่ สถานะ
1. งานวิจัย
งานวิจัย
วจ.HF5549.5.M3 ว736ก ฉ.1 
  Barcode: 030913
ห้องสมุดวิทยาเขตสวรรค์ประชารักษ์
►วิจัย
บนชั้น

รายการใกล้เคียง
    ผู้แต่ง [วิไลศักดิ์ บัวแย้ม]

BibComment


ยังไม่เคยถูกคอมเมนท์

คอมเมนท์ทรัพยากรรายการนี้
  คอมเมนท์: การสำรวจความต้องก..


 Copyright 2026. Bcnsprnw @Library